|
|
|
|
| LEADER |
00000nam2a2200000 4500 |
| 001 |
275044 |
| 005 |
20231101234803.0 |
| 035 |
|
|
|a (RuTPU)RU\TPU\book\298273
|
| 090 |
|
|
|a 275044
|
| 100 |
|
|
|a 20141111d1963 k y0rusy50 ca
|
| 101 |
0 |
|
|a rus
|
| 102 |
|
|
|a RU
|
| 105 |
|
|
|a a z 001zy
|
| 200 |
0 |
|
|a Вып. 43: Исследования в области химии и технологии радиоактивных и редких элементов
|e [сборник статей]
|f под ред. Т. И. Мельниковой
|
| 210 |
|
|
|d 1963
|
| 215 |
|
|
|a 104 с.
|c ил.
|
| 320 |
|
|
|a Библиогр. в конце ст.
|
| 461 |
|
1 |
|0 (RuTPU)RU\TPU\book\349137
|t Труды Московского химико-технологического института им. Д. И. Менделеева
|f Московский химико-технологический институт им. Д. И. Менделеева (МХТИ)
|v Вып. 43: Исследования в области химии и технологии радиоактивных и редких элементов
|d 1932-1989
|
| 606 |
1 |
|
|a Радиоактивные элементы
|x Химия
|2 stltpush
|3 (RuTPU)RU\TPU\subj\22446
|9 47201
|
| 606 |
1 |
|
|a Редкие элементы
|x Химия
|2 stltpush
|3 (RuTPU)RU\TPU\subj\74971
|9 86880
|
| 610 |
1 |
|
|a технология
|
| 610 |
1 |
|
|a экстракция
|
| 610 |
1 |
|
|a экстрагирование
|
| 610 |
1 |
|
|a гидролиз
|
| 610 |
1 |
|
|a сорбенты
|
| 610 |
1 |
|
|a сорбция
|
| 675 |
|
|
|a 546.79
|v 3
|
| 675 |
|
|
|a 546.2/.9-022.251
|v 3
|
| 702 |
|
1 |
|a Мельникова
|b Т. И.
|4 340
|
| 801 |
|
1 |
|a RU
|b 63413507
|c 20141111
|
| 801 |
|
2 |
|a RU
|b 63413507
|c 20200715
|g RCR
|
| 942 |
|
|
|c BK
|